| 000 | 00638nam a2200193Ia 4500 | ||
|---|---|---|---|
| 003 | IN-BaIIA | ||
| 008 | 211028s9999 xx 000 0 eng d | ||
| 040 | _cIIA Library | ||
| 080 |
_a03:52 _bVAL-3 |
||
| 100 |
_aValentiner, W. _91110 |
||
| 245 | 0 |
_aHandworterbuch der astronomie _bband III-1 _cW. Valentiner |
|
| 260 |
_aBreslau _bVerlag Von Eduard Trewendt _c1899 |
||
| 300 | _ax, 496p. | ||
| 490 | _aEncyclopaedie Der Naturuissenschafften; v. 3, pt. 2 | ||
| 650 | _aAstronomy and Astrophysics Thesaurus | ||
| 650 |
_aAstronomy-Handbooks _91111 |
||
| 650 |
_aEncyclopedia _91112 |
||
| 942 | _cBK | ||
| 999 |
_c481 _d481 |
||